000 00680nam a2200229Ia 4500
005 20250508164040.0
008 008 250505s9999 xx 000 0 eng d
020 _a0-521-59691-2
037 _aReference
040 _aFEDL
_beng
_cFEDL
041 _aeng
_2eng
084 _a370.1523, LIG
_qFEDL
100 _aLight Paul
245 0 _aSocial processes in children's learning
260 _aCambridge
_bCambridge University Press
_c1999
300 _axviii, 119p
365 _aGBP
_b13.95
650 _aLearning; Social interaction in children
_9777175
700 _a Littleton Karen
_9777176
942 _cREF
_h370.1523, LIG
999 _c1386768
_d1386768